Totally positive matrices (Record no. 755076)

MARC details
000 -LEADER
fixed length control field 00473nam a22001817a 4500
020 ## - INTERNATIONAL STANDARD BOOK NUMBER
ISBN 9780521194082
100 ## - MAIN ENTRY--AUTHOR NAME
Personal name Pinkus, Allan
245 ## - TITLE STATEMENT
Title Totally positive matrices
260 ## - PUBLICATION, DISTRIBUTION, ETC. (IMPRINT)
Place of publication New York
Name of publisher Cambridge university press
Year of publication 2010
300 ## - PHYSICAL DESCRIPTION
Number of Pages xi+182
490 ## - SERIES STATEMENT
Series statement Cambridge tracts in mathematics
500 ## - GENERAL NOTE
General note Vol. 181
650 ## - SUBJECT ADDED ENTRY--TOPICAL TERM
Topical Term Matrix theory
650 ## - SUBJECT ADDED ENTRY--TOPICAL TERM
Topical Term Eigenvalues
650 ## - SUBJECT ADDED ENTRY--TOPICAL TERM
Topical Term Eigenvectors
942 ## - ADDED ENTRY ELEMENTS (KOHA)
Source of classification or shelving scheme Dewey Decimal Classification
Koha item type Book
Holdings
Withdrawn status Lost status Source of classification or shelving scheme Damaged status Not for loan Collection code Home Library Current Location Shelving location Date acquired Source of acquisition Cost, normal purchase price Full call number Accession Number Price effective from Koha item type
    Dewey Decimal Classification     Gift or donation Dept. of Mathematics Dept. of Mathematics General Stacks 08/01/2026 Donated by Dr. Krishna Kumar G on the completion of SERB sponsored project (UO. No: Ad.F1/1373/2021 dated 22/01/2024) 9689.03 512.943 PIN-T MATG263 14/01/2026 Book